header

George Eliot (Record no. 7455)

MARC details
000 -LEADER
fixed length control field 01526nam a2200361 a 4500
001 - CONTROL NUMBER
control field ebr10271595
003 - CONTROL NUMBER IDENTIFIER
control field CaPaEBR
006 - FIXED-LENGTH DATA ELEMENTS--ADDITIONAL MATERIAL CHARACTERISTICS--GENERAL INFORMATION
fixed length control field m u
007 - PHYSICAL DESCRIPTION FIXED FIELD--GENERAL INFORMATION
fixed length control field cr cn|||||||||
008 - FIXED-LENGTH DATA ELEMENTS--GENERAL INFORMATION
fixed length control field 050505s2005 enka sbq 001 0 eng d
010 ## - LIBRARY OF CONGRESS CONTROL NUMBER
Canceled/invalid LC control number 2005298046
020 ## - INTERNATIONAL STANDARD BOOK NUMBER
Cancelled/invalid ISBN 0192840479 (pbk.)
040 ## - CATALOGING SOURCE
Original cataloging agency CaPaEBR
Transcribing agency CaPaEBR
035 ## - SYSTEM CONTROL NUMBER
System control number (OCoLC)95364597
043 ## - GEOGRAPHIC AREA CODE
Geographic area code e-uk-en
050 14 - LIBRARY OF CONGRESS CALL NUMBER
Classification number PR4688
Item number .D65 2005eb
082 04 - DEWEY DECIMAL CLASSIFICATION NUMBER
Classification number 823/.8
Edition number 22
100 1# - MAIN ENTRY--PERSONAL NAME
Personal name Dolin, Tim,
Dates associated with a name 1959-
245 10 - TITLE STATEMENT
Title George Eliot
Medium [electronic resource] /
Statement of responsibility, etc Tim Dolin.
260 ## - PUBLICATION, DISTRIBUTION, ETC. (IMPRINT)
Place of publication, distribution, etc Oxford ;
-- New York :
Name of publisher, distributor, etc Oxford University Press,
Date of publication, distribution, etc c2005.
300 ## - PHYSICAL DESCRIPTION
Extent xviii, 284 p. :
Other physical details ill.
490 1# - SERIES STATEMENT
Series statement Oxford world's classics. Authors in context
504 ## - BIBLIOGRAPHY, ETC. NOTE
Bibliography, etc Includes bibliographical references (p. [266]-[271]) and index.
Bibliography, etc "Film and television adaptations of Eliot's fiction": p. [272]-273.
533 ## - REPRODUCTION NOTE
Type of reproduction Electronic reproduction.
Place of reproduction Palo Alto, Calif. :
Agency responsible for reproduction ebrary,
Date of reproduction 2013.
Note about reproduction Available via World Wide Web.
-- Access may be limited to ebrary affiliated libraries.
600 10 - SUBJECT ADDED ENTRY--PERSONAL NAME
Personal name Eliot, George,
Dates associated with a name 1819-1880
General subdivision Criticism and interpretation.
650 #0 - SUBJECT ADDED ENTRY--TOPICAL TERM
Topical term or geographic name as entry element Women and literature
Geographic subdivision England
General subdivision History
Chronological subdivision 19th century.
Topical term or geographic name as entry element Didactic fiction, English
General subdivision History and criticism.
655 #7 - INDEX TERM--GENRE/FORM
Genre/form data or focus term Electronic books.
Source of term local
710 2# - ADDED ENTRY--CORPORATE NAME
Corporate name or jurisdiction name as entry element ebrary, Inc.
830 #0 - SERIES ADDED ENTRY--UNIFORM TITLE
Uniform title Oxford world's classics (Oxford University Press).
Name of part/section of a work Authors in context.
856 40 - ELECTRONIC LOCATION AND ACCESS
Uniform Resource Identifier <a href="http://site.ebrary.com/lib/rucke/Doc?id=10271595">http://site.ebrary.com/lib/rucke/Doc?id=10271595</a>
Public note An electronic book accessible through the World Wide Web; click to view

No items available.

© 2026 Rongo University
Contact us: librarian | system librarian | Rongo university